00844nam a22002417a 4500999001500000001000600015003000900021005001700030008004100047010001700088020002200105040003300127082001800160100002300178245006500201260004300266300002500309440003300334504005000367600004800417942001200465952012500477 c8254d825421780BD-DhUAP20230404121832.0230404b1977 nyua|||| |||| 000 0beng d a 97040436  a0393093328 (pbk.) aDLCcBD-DhUAPdBD-DhUAPbEng00a823.8 DIC221 aDickens ,Charles .00aBleak House :bCharles Dickens /cedited by Jeremy Tambling. aNew York :bSt. Martin's Press,c1998. axx, 986 p. ;c21 cm. 0aA Norton Critical Edition .  aIncludes bibliographical references (p. 986).10aDickens, Charles,d1812-1870.tBleak House. 2ddccBK 00102ddc4070aUAPCLbUAPCLcGeneral Stacksd2023-04-04o823.8 DICp3010021780r2023-04-04t1v2250.00w2023-04-04yBK